| 000 | 00821nam a2200205 a 4500 | ||
|---|---|---|---|
| 003 | 0 | ||
| 005 | 20250430120635.0 | ||
| 008 | 050808s19uu xx 00 eng d | ||
| 050 |
_aPHS LC 40 _b.P38 2005 |
||
| 100 | _aPatino, Katrina L. | ||
| 245 |
_aA Comparative study on the values system of home schooled children and those educated in a traditional school / _cKatrina L. Patino. |
||
| 260 |
_aLas PiƱas City, Philippines : _bSouthville International School and Colleges, _c2005. |
||
| 300 |
_a36 pages : _billustrations ; _c28 cm. |
||
| 504 | _aIncludes bibliographical references. | ||
| 650 |
_2Library of Congress Subject Headings _aHome schooling _xSocial aspects. |
||
| 650 |
_aComparative education _zPhilippines. |
||
| 650 |
_aValues _xStudy and teaching _zPhilippines. |
||
| 942 |
_2lcc _cPASS |
||
| 999 |
_c97285 _d97285 |
||